00313pab a2200121 454500008004000000100001800040245004800058260000900106300000900115362001100124650003600135773002000171180718b1995 xxu||||| |||| 00| 0 eng d aSathe, Vasant aConstitutionbgo presidential for stability c1995 ap.12 a23 Apr aIndia - Politics and government aHindustan Times